Your Love Lyrics - Statistics

General Stats
  • This quiz has been taken 57 times
    54 since last reset
  • The average score is 22 of 27
Answer Stats
Lyrics % Correct
Josie's on a {vacation} far away
100%
I don't want to lose {your} {love} tonight
95%
I don't want to lose {your} {love} tonight
95%
I don't want to lose {your} {love} tonight
95%
I don't want to lose {your} {love} tonight (x3)
95%
I just want to use {your} {love} tonight
95%
I just want to use {your} {love} tonight
95%
I just want to use {your} {love} tonight (x3)
95%
(Lose your) I don't want to lose {your} {love} tonight
95%
Lose {your} {love} tonight ({your} {love}) (x3)
95%
Use {your love}, lose {your} {love}, {your} {love}!
95%
You know I like my girls a little bit {older}
95%
So many things that I {want} to say
91%
Come around and {talk} it over
86%
And don't forget what I {told} you
82%
You know I'd do {anything} for you
77%
Another {shoulder} to cry upon
75%
As you're leaving please would you {close} the door?
75%
But something in my {mind}'s not making sense
75%
Try to stop my {hands} from shaking
75%
I ain't got many {friends} left to talk to
73%
Just 'cause you're {right} that don't mean I'm wrong
73%
Stay the night but keep it {under} {cover}
73%
(I don't {wanna}, I don't {wanna}, I don't {wanna})
70%
Nowhere to run when I'm in {trouble}
68%
It's been a while since we were {all} {alone}
50%
But I {can't} {hide} the way I'm feeling
39%
No matching quizzes found
Score Distribution
Percent of People with Each Score
Percentile by Number Answered
Your Score History
You have not taken this quiz since the last reset